000 00644nam a2200265Ia 4500
005 20260306163843.0
008 008 260114s9999 xx 000 0 eng d
020 _a9781781705056
037 _aEBOOK
040 _aCRL
040 _beng
040 _cCRL
041 _2eng
041 _aeng
084 _qCRL
100 _aHolmes, Looseley
_91129499
245 0 _aImagining The Popular In Contemporary French Culture
260 _bManchester University Press
260 _c2013
650 _aSocial Work
856 _uhttps://academic.oup.com/book/19994
942 _cEBOOK
999 _c1711754
_d1711754